Social security and consumer spending in an international cross section (Registro nro. 25737)
[ vista simple ]
| 000 -LEADER | |
|---|---|
| fixed length control field | 00400 a2200121 4500 |
| 001 - CONTROL NUMBER | |
| control field | ART_11686 |
| 005 - DATE AND TIME OF LATEST TRANSACTION | |
| control field | 20260410161859.0 |
| 008 - FIXED-LENGTH DATA ELEMENTS--GENERAL INFORMATION | |
| fixed length control field | 260409a |
| 100 1# - MAIN ENTRY--PERSONAL NAME | |
| Personal name | Barro, Robert J. |
| 245 10 - TITLE STATEMENT | |
| Title | Social security and consumer spending in an international cross section |
| 700 1# - ADDED ENTRY--PERSONAL NAME | |
| Personal name | MacDonald, Glenn M. |
| 773 0# - HOST ITEM ENTRY | |
| Title | Journal of public economics |
| Related parts | - Vol. 11, Nº 3 (jun. 1979) |
| Record control number | REV11485 |
No hay ítems disponibles.